000 00575nam a2200229Ia 4500
003 OSt
005 20220928122047.0
006 a|||||r|||| 00| 0
007 ta
008 220927b |||||||| |||| 00| 0 hin d
024 _a131044
037 _cTextual
040 _aSDCL
_cSDCL
_bhin
041 _2hin
_ahin
082 _a0113,2M98,2, 152P2
100 _aBrecht Bertolt
245 0 _aKHADIYA KA GHERA
260 _adelhi
_c2002
300 _axiv,130p
_ccm.
942 _h0113,2M98,2, 152P2
_cTEXL
_2CC
999 _c769429
_d769429